zpět

Detail výsledku týmu

Music Bar Forea, Lanškroun

Datum a čas kvízu

27.5 Celkem bodů Celkový počet nahraných bodů na tomto kvízu bez doplňovacích otázek.
4. Pořadí na kvízu Konečné umístění týmu na tomto kvízu.

Zaznamenané odpovědi

# Otázka Odpověď Body Výsledky
1. Policie prověřuje bývalého šéf... Robert Šlachta 1
2. Jeden výrobce pneumatik zakáza... Goodyear 1
3. Minulý týden byla představena... Patrik Hartl 0
4. Potravinářská společnost Knorr... Cikánská omáčka 1
5. Jeden český hokejový klub zmod... Dynamo Pardubice 1
6. Začneme u nás, konkrétně pohád... Radúz a Mahulena 1
7. Jak se jmenují tři sestry ve s... C 1
8. William Shakespeare pochopitel... Oscar Wilde 0
9. Divadelní hry se samozřejmě ne... Jiráskův Hronov 0
10. Jak se jmenuje veleúspěšná hra... Hrdý Budžes 0